00772nam a2200181 a 450000100080000000500110000800800410001910000170006024501140007726000330019130000100022452002550023465300250048970000170051470000210053170000210055270000170057311273402018-06-20 2017 bl uuuu t 00u1 u #d1 aRICCE, W. S. aAn??lise de riscos clim??ticos para a cultura da Ab??bora no estado de Santa Catarina.h[electronic resource] aFlorian??polis: Epagric2017 a20 p. aFoi realizada a an??lise dos riscos clim??ticos para a cultura da ab??bora no estado de Santa Catarina. Esse documento ?? material de consulta para os extensionistas emitirem laudos para os produtores conseguirem recursos para custeio e seguro rural. aZoneamento agr??cola1 aPANDOLFO, C.1 aMASSIGNAM, A. M.1 aVIANNA, L. F. N.1 aSILVA, P. F.